| 000 | 00430nam a2200133 a 4500 | ||
|---|---|---|---|
| 001 | 000046372 | ||
| 005 | 20201002052825.0 | ||
| 008 | 150805s1994 dr b 000 0 spa d | ||
| 040 |
_aDO-SdBNP _bspa _cBNPHU |
||
| 082 |
_axxxxxxx _bxxxxxxx |
||
| 245 | 0 | 3 |
_aEl sida y la infección VIH en la República Dominicana : / _csituación actual e impacto urbano. |
| 260 |
_aSanto Domingo : _bSespas, _c1994. |
||
| 300 |
_a36 p. : _bmap. ; _c27 cm. |
||
| 999 |
_c45861 _d45861 |
||